000 01012na a2200301 4500
001 23559
003 MIRAKIL
005 20181213155313.0
008 180110b tu 000 0
020 _a9786058738119
040 _aMilas
_btur
_cTR-AnCHP
041 _atur
082 _a153.9
_bZ34 2013
090 _a153.9 Z34 2013
111 _aZeka ve yetenek kongresi
_cAnkara
_d21 Aralık 2013
245 _aZeka ve yetenek kongresi
_bBildiriler, tartışma oturumları
_cTürkiye zeka vakfı; yayına hazırlayanlar Nihal Sandıkçı, Gizem Sakarya, Ahmet Emre Çoban, Havva ,Pelen Sangu
246 _aBildiriler, tartışma oturumları
260 _aAnkara
_bTürkiye Zeka Vakfı
_c2014
300 _a110 s.
_bfotğ.
_c30 sm.
650 _aYetenek
_xToplantılar
650 _aZeka
_xToplantılar
700 _aSandıkçı, Nihal
700 _aSakarya, Gizem
700 _aÇoban, Ahmet Emre
700 _aSangu, Havva Pelen
740 _aBildiriler, tartışma oturumları
942 _2ddc
_cBKS
999 _c10277
_d10277